Was sind die 20 größten Städte in Frankreich - Statistiken

Allgemein
  • Dieses Quiz wurde 95 mal gespielt
  • Das Durchschnittsergebnis liegt bei 17 aus 60
Antwortstatistiken
Hint Antwort % Korrekt
1 Stadt Paris
99%
Dép Paris
99%
3 Lyon
95%
2 Marseille
95%
4 Toulouse
90%
9 Bordeaux
89%
8 Straßburg
89%
5 Nizza
78%
6 Nantes
77%
11 Rennes
77%
10 Lille
76%
7 Montpellier
59%
16 Dijon
56%
12 Reims
55%
17 Grenoble
46%
14 Saint-Étienne
45%
15 Le-Havre
43%
Bretagne
39%
13 Toulon
37%
20 Nîmes
35%
Normandie
32%
Region Île-de-France
27%
18 Angers
26%
Grand Est
17%
Grand Est
17%
19 Villeurbanne
17%
Loire
10%
Nord
10%
Okzitanien
9%
Okzitanien
9%
Okzitanien
9%
Pays de la Loire
9%
Pays de la Loire
9%
Hauts-de-France
7%
Nouvelle-Aquitaine
6%
Provence-Alpes-Côte d’Azur
6%
Provence-Alpes-Côte d’Azur
6%
Provence-Alpes-Côte d’Azur
6%
Var
6%
Auvergne-Rhône-Alpes
5%
Auvergne-Rhône-Alpes
5%
Auvergne-Rhône-Alpes
5%
Auvergne-Rhône-Alpes
5%
Gironde
5%
Hérault
5%
Bas-Rhin
4%
Bouches-du-Rhône
4%
Isère
4%
Marne
4%
Alpes-Maritimes
2%
Bourgogne-Franche-Comté
2%
Côte-d’Or
2%
Gard
2%
Haute-Garonne
2%
Ille-et-Vilaine
2%
Loire-Atlantique
2%
Seine-Maritime
2%
Maine-et-Loire
1%
Metropole Lyon
0%
Metropole Lyon
0%
Keine übereinstimmenden Quizze gefunden
Verteilung der Resultate
Anzahl Personen mit jedem Resultat
Perzentil nach korrekt beantworteten Fragen
Ihre Resultats-Entwicklung
Sie haben dieses Quiz noch nicht gespielt